Sagrada biblia / (Registro nro. 13036)

Detalles MARC
000 -LIDER
fixed length control field 00641nam a22002297a 4500
003 - IDENTIFICACDOR DE NÚMERO DE CONTROL
control field DO-SdBNP
005 - DATE AND TIME OF LATEST TRANSACTION
control field 20220608080517.0
008 - ELEMENTOS DE LONGITUD FIJA
fixed length control field 171123b 2010 sp a |||| |||| 00| 0 spa d
020 ## - ISBN
International Standard Book Number 9788449438653
040 ## - FUENTE DE CATALOGACIÓN
Agencia que crea de manera original el registro BPMSU
Idioma de catalogación spa
Agencia que realiza la transcripción BPMSU
082 ## - NÚMERO DE CLASIFICACIÓN DECIMAL DE DEWEY
Classification number 220
Item number S129b 2010
Edition number 22
245 ## - MENCIÓN DE TITULO
Título Sagrada biblia /
Mención de responsabilidad prólogo Luis Serrallach
260 ## - PUBLICACIÓN, DISTRIBUCIÓN, ETC. (PIE DE IMPRENTA)
Lugar de publicación, distribución, etc Barcelona :
Nombre del editor, distribuidor, etc. Océano,
Fecha de publicación, distribución, etc 2010.
300 ## - DESCRIPCIÓN FÍSICA
Extensión 1535 p. :
Otros detalles físicos il. ;
Dimensiones 28 cm.
500 ## - NOTA GENERAL
Nota general Incluye índices
590 ## - NOTA LOCAL
Enlace Inventariado, 2022/VM
650 #4 - ENCABEZAMIENTO DE MATERIA--TEMÁTICO
Término temático o nombre geográfico como elemento de entrada Biblia.
650 #4 - ENCABEZAMIENTO DE MATERIA--TEMÁTICO
Término temático o nombre geográfico como elemento de entrada Interpretación de la biblia.
700 1# - ASIENTO SECUNDARIO -- NOMBRE PERSONAL
Nombre personal Serrallach, Luis,
Mención de responsabilidad prólogo
910 ## - VALIDACIÓN
Validación VMateo V.
942 ## - ADDED ENTRY ELEMENTS (KOHA)
Source of classification or shelving scheme Dewey Decimal Classification
Koha item type Libros
Existencias
Withdrawn status Lost status Source of classification or shelving scheme Damaged status Not for loan Collection code Home library Current library Date acquired Source of acquisition Full call number Barcode Date last seen Price effective from Koha item type
    Dewey Decimal Classification     Colección General Biblioteca Pública Metropolitana Salomé Ureña Biblioteca Pública Metropolitana Salomé Ureña 11/23/2017 OCEANO BPMSU CG 220 S129b 2010 BPMSU17110358 11/23/2017 11/23/2017 Libros